00358nam a2200145Ia 4500008004100000020001800041041000800059082001700067100001700084245003900101260001600140300000800156365001600164700003200180230718s9999 xx 000 0 und d a9788126528691 aeng a005.7'2bMOR aMoreira J.C. aEssentials Of Error-Control Coding c2014bWiley a361 cRs.b729.00 aMoreira J.C. & Farrell P.G.